[Event "Challenge"]
[Site "http://www.queenalice.com/game.php?id=465521"]
[Date "2008.9.19"]
[Round "-"]
[White "micha"]
[Black "Dr_SunTzu"]
[Result "0-1"]
[WhiteElo "1869"]
[BlackElo "1676"]

1. e4 e5 2. Nf3 Nc6 3. Bc4 Nf6 4. d3 Be7 5. Bb5 Nd4 6. Bc4 Nxf3+ 7. Qxf3 d6 8.
h3 c6 9. O-O d5 10. exd5 cxd5 11. Bb3 O-O 12. Bg5 h6 13. Bxf6 Bxf6 14. c3 Be6
15. Na3 a6 16. Rad1 Qd6 17. Nc2 Rfd8 18. d4 e4 19. Qg3 Qxg3 20. fxg3 a5 21. a3
a4 22. Ba2 Ra6 23. Ne3 h5 24. h4 Rb6 25. Rf2 Rbd6 26. Rdf1 Rc6 27. Nf5 b5 28.
Rf4 Rd7 29. Ne3 Rc8 30. g4 hxg4 31. g3 Bd8 32. Nxg4 Bc7 33. Ne5 Rdd8 34. Nxf7
Bxf4 35. Nxd8 Be3+ 36. Kh2 Rxd8 37. Re1 Bd2 38. Rd1 e3 39. Kg2 e2 0-1

[Event "VIVE LE FRANCE VI"]
[Site "http://www.queenalice.com/game.php?id=465571"]
[Date "2008.9.19"]
[Round "-"]
[White "perucona"]
[Black "Dr_SunTzu"]
[Result "0-1"]
[WhiteElo "1470"]
[BlackElo "1802"]

1. e4 e5 2. d4 exd4 3. Qxd4 Nc6 4. Qd5 Nf6 5. Qd3 d5 6. exd5 Nxd5 7. Qe2+ Qe7 8.
Qxe7+ Bxe7 9. Nc3 Ndb4 10. Kd1 Bf5 11. Bd3 O-O-O 12. Nf3 Bxd3 13. cxd3 Nxd3 14.
Rb1 Nxf2+ 15. Ke1 Nxh1 16. Nb5 Bb4+ 17. Kf1 Rd1+ 18. Ke2 Rd7 19. a3 Re8+ 20. Kf1
Rd1+ 21. Ne1 Rdxe1# 0-1

[Event "Let's Play Chess!"]
[Site "http://www.queenalice.com/game.php?id=471652"]
[Date "2008.10.2"]
[Round "-"]
[White "Dr_SunTzu"]
[Black "mufra22"]
[Result "1-0"]
[WhiteElo "1824"]
[BlackElo "1235"]

1. e4 c5 2. c3 d6 3. d4 cxd4 4. cxd4 e6 5. Nf3 Nf6 6. Nc3 Be7 7. Bd3 O-O 8. O-O
a6 9. e5 dxe5 10. Nxe5 Qxd4 11. Bxh7+ 1-0

[Event "Challenge"]
[Site "http://www.queenalice.com/game.php?id=471870"]
[Date "2008.10.2"]
[Round "-"]
[White "gustavline"]
[Black "Dr_SunTzu"]
[Result "1/2-1/2"]
[WhiteElo "1691"]
[BlackElo "1824"]

1. d4 d5 2. Nf3 Nf6 3. e3 Bf5 4. Bd3 e6 5. Nc3 Be7 6. O-O O-O 7. Bxf5 exf5 8. a3
c6 9. b4 Nbd7 10. Ne2 Ne4 11. Nd2 Ndf6 12. c3 Bd6 13. Nxe4 Nxe4 14. f3 Qh4 15.
g3 Nxg3 16. hxg3 Bxg3 17. Nxg3 Qxg3+ 18. Kh1 Qh3+ 19. Kg1 Qg3+ 20. Kh1 Qh3+ 21.
Kg1 Qg3+ 1/2-1/2

[Event "Défi noirs"]
[Site "http://www.queenalice.com/game.php?id=473271"]
[Date "2008.10.5"]
[Round "-"]
[White "Dr_SunTzu"]
[Black "cyrilledeLePin"]
[Result "1-0"]
[WhiteElo "1810"]
[BlackElo "1734"]

1. e4 e6 2. d4 d5 3. Nd2 c5 4. exd5 exd5 5. Ngf3 Nc6 6. Bb5 Bd7 7. dxc5 Bxc5 8.
O-O Nge7 9. Nb3 Qb6 10. Bxc6 Bxc6 11. Nxc5 Qxc5 12. Be3 Qb4 13. Re1 O-O 14. a3
Qxb2 15. Bd4 Qb5 16. Rxe7 Rfe8 17. Qe1 a5 18. Qe5 f6 19. Qe6+ Kh8 20. Ng5 Rxe7
21. Qxe7 Re8 22. Nf7+ Kg8 23. Nh6+ Kh8 24. Qf7 Qe2 25. Qg8+ Rxg8 26. Nf7# 1-0

[Event "Défi blancs"]
[Site "http://www.queenalice.com/game.php?id=473272"]
[Date "2008.10.5"]
[Round "-"]
[White "cyrilledeLePin"]
[Black "Dr_SunTzu"]
[Result "0-1"]
[WhiteElo "1801"]
[BlackElo "1846"]

1. e4 c6 2. d4 d5 3. Nc3 dxe4 4. Nxe4 Bf5 5. Bd3 Qxd4 6. Nf3 Qd8 7. O-O Bxe4 8.
Bxe4 Qxd1 9. Rxd1 Nf6 10. Bd3 e6 11. Bg5 Nbd7 12. Rd2 Nc5 13. Bxf6 gxf6 14. Rad1
Bh6 15. Re2 O-O-O 16. b3 Na6 17. a3 Nc7 18. h3 Nd5 19. Ra1 Nf4 20. Re4 Nxd3 21.
cxd3 Rxd3 22. Ra4 Rxb3 23. Rxa7 Kc7 24. Ra4 Rg8 25. Rg4 Rg6 26. Nd4 Rxg4 27.
Nxb3 Ra4 28. Nc5 Rc4 29. Nd3 Rc3 30. Nb2 Rc1+ 31. Rxc1 Bxc1 32. Nc4 b5 33. Ne3
Bxe3 34. fxe3 Kb6 35. Kf2 Ka5 0-1

[Event "AUTO-OPEN-1321"]
[Site "http://www.queenalice.com/game.php?id=485651"]
[Date "2008.10.31"]
[Round "1"]
[White "Dr_SunTzu"]
[Black "Nigo"]
[Result "1-0"]
[WhiteElo "1935"]
[BlackElo "1674"]

1. e4 e5 2. Nf3 Nc6 3. Bc4 Nf6 4. Ng5 d5 5. exd5 Na5 6. Bb5+ c6 7. dxc6 bxc6 8.
Qf3 Rb8 9. Bd3 h6 10. Ne4 Nd5 11. b3 Be6 12. Bb2 f5 13. Qh5+ Kd7 14. Ng3 Qf6 15.
Bxf5 g6 16. Bxe6+ Qxe6 17. Qe2 Bd6 18. O-O Rhe8 19. Re1 Nf4 20. Qa6 Nb7 21. Qxa7
Qd5 22. Ne4 Bf8 23. Nf6+ 1-0

[Event "AUTO-OPEN-1321"]
[Site "http://www.queenalice.com/game.php?id=485652"]
[Date "2008.10.31"]
[Round "1"]
[White "Nigo"]
[Black "Dr_SunTzu"]
[Result "1/2-1/2"]
[WhiteElo "1681"]
[BlackElo "1946"]

1. e4 e5 2. Nf3 Nc6 3. Bb5 a6 4. Bxc6 dxc6 5. O-O f6 6. d4 Bg4 7. dxe5 Qxd1 8.
Rxd1 Bxf3 9. gxf3 fxe5 10. Bg5 Nf6 11. Nc3 Bd6 12. Ne2 O-O 13. Ng3 g6 14. Rd2
Nh5 15. Nxh5 gxh5 16. Bh6 Rf6 17. Be3 Rxf3 18. Kg2 Rf6 19. Rg1 Rg6+ 20. Kf1
Rxg1+ 21. Kxg1 Kf7 22. c4 Rg8+ 23. Kh1 c5 24. Rd5 b6 25. Bd2 Ke6 26. a3 c6 27.
Rd3 Be7 28. Rg3 Rg6 29. Rxg6+ hxg6 1/2-1/2

[Event "AUTO-OPEN-1321"]
[Site "http://www.queenalice.com/game.php?id=485653"]
[Date "2008.10.31"]
[Round "1"]
[White "Dr_SunTzu"]
[Black "fagner"]
[Result "1-0"]
[WhiteElo "1882"]
[BlackElo "1801"]

1. e4 c6 2. d4 d5 3. Nc3 dxe4 4. Nxe4 Bf5 5. Ng3 Bg6 6. h4 h6 7. Nf3 Nd7 8. h5
Bh7 9. Bd3 Bxd3 10. Qxd3 Ngf6 11. Bd2 e6 12. O-O-O Bd6 13. Ne4 Nxe4 14. Qxe4 Nf6
15. Qe2 a6 16. Ne5 Bxe5 17. dxe5 Nd5 18. Qg4 Rh7 19. Bxh6 1-0

[Event "AUTO-OPEN-1321"]
[Site "http://www.queenalice.com/game.php?id=485654"]
[Date "2008.10.31"]
[Round "1"]
[White "fagner"]
[Black "Dr_SunTzu"]
[Result "0-1"]
[WhiteElo "1801"]
[BlackElo "1911"]

1. d4 d5 2. c4 e6 3. Nc3 c6 4. Nf3 Nf6 5. e3 Nbd7 6. Be2 dxc4 7. Bxc4 b5 8. Bd3
a6 9. a3 c5 10. b3 Bb7 11. dxc5 Nxc5 12. Be2 Qb8 13. O-O Bd6 14. b4 Nce4 15.
Nxe4 Nxe4 16. Bb2 O-O 17. Rc1 Rd8 18. Qd4 f6 19. Rfd1 Bxh2+ 20. Nxh2 Rxd4 0-1

[Event "AUTO-OPEN-1321"]
[Site "http://www.queenalice.com/game.php?id=485655"]
[Date "2008.10.31"]
[Round "1"]
[White "Dr_SunTzu"]
[Black "Catamarca"]
[Result "1-0"]
[WhiteElo "1953"]
[BlackElo "1388"]

1. e4 d6 2. d4 g6 3. Nc3 Bg7 4. f4 Nd7 5. Nf3 b6 6. Bb5 Nf6 7. e5 Ng4 8. e6 O-O
9. exd7 Bxd7 10. Qe2 f5 11. Bc4+ Kh8 12. h3 Nf6 13. Bd2 Bc6 14. Ng5 d5 15. Ne6
Qd6 16. Nxf8 1-0

[Event "AUTO-OPEN-1321"]
[Site "http://www.queenalice.com/game.php?id=485656"]
[Date "2008.10.31"]
[Round "1"]
[White "Catamarca"]
[Black "Dr_SunTzu"]
[Result "0-1"]
[WhiteElo "1367"]
[BlackElo "1953"]

1. d4 Nf6 2. Bf4 e6 3. e3 d5 4. a3 Be7 5. Nf3 O-O 6. Bd3 Nc6 7. c4 Bd7 8. c5 Ne4
9. h4 b6 10. Qc2 h6 11. Nc3 Nxc3 12. Qxc3 bxc5 13. Bg5 hxg5 14. hxg5 Bxg5 15.
Qc2 f5 16. Qxc5 Be7 17. Qc2 Rb8 0-1

[Event "Challenge"]
[Site "http://www.queenalice.com/game.php?id=509807"]
[Date "2008.12.18"]
[Round "-"]
[White "DenisDiaz"]
[Black "Dr_SunTzu"]
[Result "1-0"]
[WhiteElo "2015"]
[BlackElo "1953"]

1. e4 e5 2. Nf3 Nc6 3. Bb5 a6 4. Ba4 Nf6 5. d3 b5 6. Bb3 Be7 7. h3 O-O 8. O-O d6
9. a3 Na5 10. Ba2 h6 11. b4 Nc6 12. Bb2 Bb7 13. Nbd2 Nh5 14. Nh2 Nf4 15. Ndf3
Bf6 16. Ng4 Bc8 17. Ne3 Be6 18. c4 1-0

[Event "2e défi noirs"]
[Site "http://www.queenalice.com/game.php?id=511445"]
[Date "2008.12.22"]
[Round "-"]
[White "Dr_SunTzu"]
[Black "cyrilledeLePin"]
[Result "1-0"]
[WhiteElo "1927"]
[BlackElo "1922"]

1. e4 e6 2. d4 d5 3. e5 c5 4. c3 Nc6 5. Nf3 Qb6 6. a3 a5 7. Bd3 Bd7 8. O-O cxd4
9. cxd4 Nxd4 10. Nxd4 Qxd4 11. Nc3 Qxe5 12. Re1 Qc7 13. Nxd5 Qc5 14. Re5 Qd6 15.
Bf4 Be7 16. Rf5 e5 17. Rxe5 Qc6 18. Nc7+ Kd8 19. Nxa8 Bd6 20. Bb5 Bxe5 21. Bxc6
1-0